000 00250nam a2200097Ia 4500
001 1224071
005 20250827092919.0
008 250824s9999 xx 000 0 und d
245 0 _aDEDE BİZİ GEZDİR
_cAYÇA ATÇI
260 _bMARTI ÇOCUK YAYINLARI
999 _c1224071
_d1224071